000 01024nam a2200241Ia 4500
999 _c34420
_d34420
001 149
003 GE_BSU
005 20250402102436.0
008 181216s1995||||ge |||||||||||||| ||geo||
020 _a5505018521
040 _cGE_BSU
080 _a616.21(075.8) თ–791
100 _aთოხაძე, თამაზ
_924726
245 _aოტორინოლარინგოლოგია :
_b[სახელმძღვ. სამედ. უნ-ტის სტუდენტთათვის] /
_cთ. თოხაძე ; რედ. თ. ბუაძე.
264 _aთბილისი :
_bგანათლება,
_c1995.
300 _a412 გვ.
_b ილ. ;
_c 20 სმ.
541 _h20 ლ.
653 _aოტორინოლარინგოლოგია
653 _aყელ-ყურ-ცხვირის დაავადებები
653 _aმედიცინა
700 _aბუაძე, თ.
_eრედაქტორი
_924727
942 _cBK
_2udc